Zákon č. 676/2006 Z. z.,......
Zákon č. 676 /2006 Z. z. , ktorým sa mení a dopĺňa zákon č. 235/1998 Z. z. o príspevku pri narodení dieťaťa, o príspevku rodičom, ktorým sa súčasne narodili tri deti alebo viac detí alebo ktorým sa v priebehu dvoch rokov opakovane narodili dvojčatá a ktorým sa menia ďalšie zákony v znení zákona č. 4...
Saved in:
| Format: | Book Chapter |
|---|---|
| Language: | Slovak |
| Subjects: | |
| Tags: |
No Tags, Be the first to tag this record!
|
MARC
| LEADER | 00000naa$a2200000$$$4500 | ||
|---|---|---|---|
| 001 | 0053899 | ||
| 005 | 20230925074743.8 | ||
| 041 | 0 | |a slo | |
| 044 | |a SK | ||
| 245 | 1 | 0 | |a Zákon č. 676/2006 Z. z.,...... |
| 520 | |a Zákon č. 676 /2006 Z. z. , ktorým sa mení a dopĺňa zákon č. 235/1998 Z. z. o príspevku pri narodení dieťaťa, o príspevku rodičom, ktorým sa súčasne narodili tri deti alebo viac detí alebo ktorým sa v priebehu dvoch rokov opakovane narodili dvojčatá a ktorým sa menia ďalšie zákony v znení zákona č. 453/2003 Z. z., zákona č. 601/2003 Z. z. a zákona č. 471/2005 Z. z. | ||
| 610 | 2 | 0 | |a zákony |
| 610 | 2 | 0 | |a príplatky |
| 610 | 2 | 0 | |a príspevok rodičovský |
| 610 | 2 | 0 | |a príspevky sociálne |
| 610 | 2 | 0 | |a Slovensko |